[Event "ch-NED Open"]
[Site "Dieren NED"]
[Date "2003.07.30"]
[Round "8"]
[White "Van der Elburg,F"]
[Black "Van Tol,L"]
[Result "1/2-1/2"]
[WhiteElo "2228"]
[BlackElo "2165"]

1.c4 e5 2.g3 c6 3.d4 Bb4+ 4.Bd2 Bxd2+ 5.Qxd2 d6 6.Nc3 Nf6 7.Bg2 O-O 8.dxe5 dxe5
9.Qxd8 Rxd8 10.Nf3 Re8  1/2-1/2

[Event "ch-NED Open"]
[Site "Dieren NED"]
[Date "2003.07.31"]
[Round "9"]
[White "Compagnie,L"]
[Black "Leenhouts,K"]
[Result "1/2-1/2"]
[WhiteElo "2197"]
[BlackElo "2296"]

1.c4 e5 2.g3 Nc6 3.Bg2 Nf6 4.Nc3 Bc5 5.a3 a5 6.e3 O-O 7.Nge2 Re8 8.d3 d6
9.O-O Ba7 10.h3 Be6 11.Nd5 Qd7 12.Kh2 Bxd5 13.cxd5 Ne7 14.Nc3 c6 15.dxc6 bxc6
16.Bd2 d5 17.Na4 h5 18.Bxa5 h4 19.Bb6 hxg3+ 20.fxg3 Qb7 21.Bc5 Bxc5 22.Nxc5 Qxb2
23.Rxf6 gxf6 24.Qg4+ Ng6 25.Rf1 Qxa3 26.Rxf6 Re7 27.Rxg6+ fxg6 28.Qxg6+ Rg7
29.Qe6+ Kh7 30.Qxc6 Ra5 31.Nd7 Qa4 32.Nxe5 Qxc6 33.Nxc6 Rc5 34.Nd4 Ra7 35.Ne6 Rb5
36.Nf4 Rd7 37.h4 Kh8 38.Kh3 Ra5 39.Ng6+ Kg7 40.Nf4 Kf6 41.Bf3 Ke5 42.h5 d4
43.exd4+ Kxd4 44.Be4  1/2-1/2

[Event "HZ Open"]
[Site "Vlissingen NED"]
[Date "2003.08.02"]
[Round "1"]
[White "Van Leent,D"]
[Black "Daniels,A"]
[Result "1-0"]
[WhiteElo "2208"]
[BlackElo "2220"]

1.c4 e5 2.g3 Nc6 3.Bg2 f5 4.Nc3 Nf6 5.d3 Bc5 6.a3 a5 7.e3 O-O 8.Nge2 d6 9.O-O Kh8
10.b3 Ne7 11.Bb2 Ng6 12.d4 Ba7 13.dxe5 dxe5 14.Qxd8 Rxd8 15.Rad1 Bd7 16.Nb5 Bxb5
17.cxb5 e4 18.Nd4 Bxd4 19.Bxd4 Nd5 20.f3 exf3 21.Bxf3 Nge7 22.Rc1 Rac8 23.Bxd5 Rxd5
24.Rc5 c6 25.bxc6 bxc6 26.Rfc1 Rb8 27.Rxc6  1-0

[Event "FSIM August"]
[Site "Budapest HUN"]
[Date "2003.08.03"]
[Round "2"]
[White "Bopp,T"]
[Black "Lenderman,A"]
[Result "0-1"]
[WhiteElo "2215"]
[BlackElo "2219"]

1.c4 e5 2.g3 Nf6 3.Bg2 Nc6 4.Nc3 Bc5 5.a3 a5 6.e3 d6 7.Nge2 O-O 8.O-O Re8
9.d4 exd4 10.exd4 Bb6 11.h3 Bf5 12.Bg5 h6 13.Bxf6 Qxf6 14.Nd5 Qd8 15.Nxb6 cxb6
16.Nc3 Rc8 17.Qd2 a4 18.Rfe1 Na5 19.Qf4 Qd7 20.Nxa4 Nxc4 21.b3 Rxe1+ 22.Rxe1 b5
23.Nc3 Nb2 24.Qd2 Nd3 25.Re3 b4 26.Nd5 bxa3 27.Ne7+ Kh8 28.Nxf5 Qxf5 29.Be4 Rc1+
30.Kg2 Qxf2+ 31.Qxf2 Nxf2 32.Kxf2 a2 33.Bd3 g6 34.Re8+ Kg7 35.Ra8 a1=Q 36.Rxa1 Rxa1
37.Bc4 Rd1 38.Ke3 g5 39.Bd5 b6 40.g4 f5 41.gxf5 Kf6 42.Be6 Rh1  0-1

[Event "US Open"]
[Site "Los Angeles USA"]
[Date "2003.08.05"]
[Round "3"]
[White "Nagaran,M"]
[Black "Liu,E"]
[Result "0-1"]
[WhiteElo "2126"]
[BlackElo "2053"]

1.c4 e5 2.g3 Nc6 3.Bg2 g6 4.Nc3 Bg7 5.e4 d6 6.d3 f5 7.Nge2 Nf6 8.O-O O-O
9.f4 Be6 10.Nd5 Qd7 11.fxe5 dxe5 12.Bg5 Ne7 13.d4 exd4 14.Nxd4 Nexd5 15.cxd5 Bf7
16.e5 Nxd5 17.e6 Bxd4+ 18.Qxd4 Bxe6 19.Rae1 c6 20.Qe5 Rfe8  0-1

[Event "US Open"]
[Site "Los Angeles USA"]
[Date "2003.08.05"]
[Round "3"]
[White "Kurosaki,T"]
[Black "Weinberger,T"]
[Result "0-1"]
[WhiteElo "2063"]
[BlackElo "2220"]

1.c4 e5 2.g3 f5 3.Bg2 Nf6 4.Nc3 c6 5.d4 e4 6.Bg5 Be7 7.h4 d6 8.Nh3 Nbd7 9.O-O O-O
10.Nf4 Nb6 11.Qb3 Rf7 12.c5 dxc5 13.Bxf6 Bxf6 14.dxc5 Nd7 15.Na4 Qe7 16.Rac1 Be5
17.Ne6 Nf8 18.Nxf8 Kxf8 19.e3 Be6 20.Qc2 g6 21.b3 Qf6 22.Rfd1 Bd5 23.Nc3 Bxc3
24.Qxc3 Qxc3 25.Rxc3 Rd7 26.Rcc1 Rad8 27.Bf1 Ke7 28.Be2 Be6 29.Kf1 Rd2 30.a3 Ra2
31.Rxd8 Kxd8 32.Rd1+ Ke7 33.Bc4 Rxa3 34.Bxe6 Kxe6 35.Rd6+ Ke7 36.h5 gxh5
37.b4 Rb3 38.Rh6 Rxb4 39.Rxh7+ Kf6 40.Rxh5 a5 41.Kg2 Rb5 42.g4 Rxc5 43.Rh6+ Kg5
44.Rh7 Rb5 45.Kg3 a4  0-1

[Event "Inline Czechia Cup"]
[Site "Olomouc CZE"]
[Date "2003.08.06"]
[Round "8"]
[White "Ptacnikova,L"]
[Black "Vreugdenhil,F"]
[Result "1-0"]
[WhiteElo "2215"]
[BlackElo "2087"]

1.c4 e5 2.g3 Nf6 3.Bg2 d5 4.cxd5 Nxd5 5.Nf3 Nc6 6.O-O Nb6 7.d3 Be7 8.Nbd2 Be6
9.a3 O-O 10.b4 f6 11.Bb2 a6 12.Qc2 Qc8 13.d4 exd4 14.Nxd4 Nxd4 15.Bxd4 Nd7
16.Qe4 Ne5 17.Qxb7 Qxb7 18.Bxb7 Rab8 19.Bxe5 fxe5 20.Rfd1 c5 21.bxc5 Bxc5
22.Ne4 Bd4 23.Rab1 Ba2 24.Rbc1 a5 25.e3 Bb6 26.Nc3 Be6 27.Bd5 Bxd5 28.Nxd5 Ba7
29.Ne7+ Kh8 30.Rd8 Rfxd8 31.Nc6 Rdc8 32.Rc4 Bb6 33.Nxe5 Re8 34.Rc6 Ba7 35.Nd7 h6
36.Ra6  1-0

[Event "Open"]
[Site "Olomouc CZE"]
[Date "2003.08.07"]
[Round "9"]
[White "Shushpanov,V"]
[Black "Polak,T"]
[Result "1/2-1/2"]
[WhiteElo "2395"]
[BlackElo "2473"]

1.c4 e5 2.g3 Nf6 3.Bg2 Nc6 4.Nf3 Bc5 5.O-O d6 6.Nc3 a6 7.d3 h6 8.a3 O-O 9.b4 Ba7
10.Nd5 Nxd5 11.cxd5 Ne7 12.Qb3 c6 13.dxc6 Be6 14.Qb2 Nxc6 15.Bd2 d5 16.Bc3 f6
17.a4 d4 18.Be1 Ne7 19.Nd2 Nd5 20.b5 Bc5 21.Nc4 Qd7 22.Rb1 Rfc8 23.Bd2 axb5
24.Qxb5 Qxb5 25.Rxb5 Rxa4 26.Rxb7 Ra2 27.Rc1 Bf8 28.Rbb1 Ne7 29.Rd1 Kh7 30.Rbc1 Nd5
31.Bf3 Be7 32.Kg2 g6 33.h4 h5 34.Ra1 Rca8 35.Rxa2 Rxa2 36.Rb1 Ra7 37.Rb3 Kg7
38.Kf1 Ra1+ 39.Kg2 Ra7 40.Kf1 Kf7 41.Kg2 Rc7 42.Rb1 Kg7 43.Rc1 Bb4 44.Bxb4 Nxb4
45.Rb1 Na2 46.Nd6 Bd7 47.Rb6 Nc3 48.Ne4 Nxe4 49.Bxe4 Kf7 50.Rb7 Rxb7 51.Bxb7 Ba4  1/2-1/2

[Event "HZ Open"]
[Site "Vlissingen NED"]
[Date "2003.08.09"]
[Round "9"]
[White "Van Leent,D"]
[Black "Heltzel,J"]
[Result "1/2-1/2"]
[WhiteElo "2208"]
[BlackElo "2078"]

1.c4 e5 2.g3 Nf6 3.Bg2 d5 4.cxd5 Nxd5 5.Nf3 Nc6 6.O-O Be7 7.d3 O-O 8.Nbd2 Nb6
9.a3 a5 10.b3 f5 11.Bb2 Bf6 12.Rc1 Re8 13.Qc2 Be6 14.e3 Qd7 15.Rfd1 Rad8
16.d4 e4 17.Ne1 Qf7 18.Bf1 Be7 19.Nc4 Nd5 20.Qd2 Ra8 21.Ng2 g5 22.Qe1 Rf8
23.Nd2 g4 24.Nf4 Nxf4 25.exf4 Rfd8 26.Qe3 Bd5 27.Nc4 Qe6 28.Bc3 Bf6 29.Ne5 Bxe5
30.fxe5 Bxb3 31.d5 Bxd5 32.Rxd5 Rxd5  1/2-1/2

[Event "ADCF Masters"]
[Site "Abu Dhabi UAE"]
[Date "2003.08.16"]
[Round "1"]
[White "Mohandesi,S"]
[Black "Kotsur,P"]
[Result "1/2-1/2"]
[WhiteElo "2337"]
[BlackElo "2540"]

1.c4 e5 2.g3 Nc6 3.Bg2 g6 4.Nc3 Bg7 5.Rb1 a5 6.d3 d6 7.e4 h5 8.h4 Bg4 9.f3 Be6
10.Nge2 Nh6 11.Nd5 O-O 12.Be3 f5 13.Qd2 Kh7 14.a3 Qd7 15.b4 axb4 16.axb4 b5
17.cxb5 Bxd5 18.bxc6 Bxc6 19.O-O d5 20.exd5 Bxd5 21.Rfc1 f4 22.gxf4 Nf5 23.Bf2 exf4
24.Nc3 Ne3 25.Nxd5 Nxd5 26.Rc4 Ra3 27.Rbc1 Rfa8 28.R1c2 Qf5 29.Re4 Rc3 30.Kh2 Raa3
31.Bh3 Qf8 32.Rxc3 Nxc3 33.Rc4 Qe7 34.Qe1 Qxe1 35.Bxe1 Nb5 36.Bd7 Nd4 37.Bc6 Nxc6
38.Rxc6 Be5 39.d4 Bd6 40.Kg2 Rb3 41.Kf2 Kg7 42.Bd2 Kf7 43.Ke2 Ke7 44.d5 Rb2
45.Kd3 Rb3+ 46.Ke4 Rb1 47.Rc1 Rxc1 48.Bxc1 Bxb4 49.Bxf4 Bd6 50.Bg5+ Kd7 51.f4 c6
52.dxc6+ Kxc6  1/2-1/2

[Event "14th Sommerpokal"]
[Site "Recklinghausen GER"]
[Date "2003.08.19"]
[Round "2"]
[White "Kuhn,M"]
[Black "Herud,M"]
[Result "1-0"]
[WhiteElo "2213"]
[BlackElo "2036"]

1.c4 e5 2.g3 Nc6 3.Bg2 Nf6 4.Nc3 Bb4 5.Nd5 O-O 6.Nxb4 Nxb4 7.Nf3 Re8 8.O-O d5
9.a3 Nc6 10.cxd5 Nxd5 11.d3 Be6 12.Ng5 Nd4 13.Nxe6 Nxe6 14.Qb3 c6 15.Qxb7 Nd4
16.e3 Rb8 17.Qa6 Nb3 18.Rb1 Rb6 19.Qc4 Qd6 20.e4 Nc7 21.Be3 Rb7 22.f4 Rd8
23.fxe5 Qd7 24.Rbd1 Ne6 25.Bh3 Qe8 26.Bxe6 fxe6 27.Rf2 Rdb8 28.Rdf1 h6 29.Rf8+ Qxf8
30.Rxf8+ Kxf8 31.Qxe6 c5 32.Qd6+ Kg8 33.Qd5+ Kh8 34.e6 Nd4 35.e7 Rxe7 36.Qxc5 Nf3+
37.Kf2 Rf7 38.Bf4 Ng5 39.b4 Rbf8 40.Ke3 Ne6 41.Qe5 Rf6 42.h4 g5 43.hxg5 hxg5
44.Bxg5 Nxg5 45.Qxg5  1-0

[Event "Open"]
[Site "Vienna AUT"]
[Date "2003.08.22"]
[Round "7"]
[White "Balinov,I"]
[Black "Kummer,Hel"]
[Result "1/2-1/2"]
[WhiteElo "2417"]
[BlackElo "2336"]

1.c4 e5 2.g3 Nf6 3.Bg2 c6 4.Nf3 e4 5.Nd4 d5 6.cxd5 Qxd5 7.Nb3 Bb4 8.Nc3 Bxc3
9.dxc3 Qxd1+ 10.Kxd1 Ng4 11.Ke1 f5 12.f3 exf3 13.exf3 Nf6 14.Kf2 Nbd7 15.Bf4 Nf8
16.Na5 Nd5 17.Bd6 Ng6 18.c4 Nf6 19.Rhe1+ Kf7 20.Rad1 Be6 21.Bf1 b6 22.Nxc6 Rhc8
23.Nd4 Bxc4 24.Bxc4+ Rxc4 25.Nxf5 Rc2+ 26.Re2 Rxe2+ 27.Kxe2 Rc8 28.Ne3 h5
29.h4 Rc6 30.Bb4 Ne5 31.Bc3 Re6 32.Kf2 Ned7 33.Nf5 Nc5 34.Ne3 Rc6 35.Rd4 b5
36.Ke2 Na4 37.Nd1 Ke6 38.Rd8 g6 39.Bxf6 Kxf6 40.Kd2 Nb6 41.Ne3 Ke5 42.Re8+ Kf6
43.b3 Rd6+ 44.Ke2 Rc6 45.Rb8 Re6 46.Rd8 Ke5 47.Kd3 Rc6 48.Nc2 Rc5 49.Re8+ Kf6
50.Re4 Nd7 51.Ne3 Nb6 52.Kd4 Rc1 53.Nd5+ Nxd5 54.Kxd5 Rc3 55.Rf4+ Ke7 56.g4 hxg4
57.fxg4 Rc2 58.a4 bxa4 59.bxa4 a5 60.g5 Rb2 61.Kc5 Rb1 62.Kc6 Rb4 63.Rf6 Rxa4
64.Kb5 Rxh4 65.Kxa5 Rg4 66.Rxg6 Kf7 67.Rf6+ Kg7 68.Rf5 Kg6 69.Rb5 Rxg5 70.Rxg5+ Kxg5  1/2-1/2

[Event "14th Sommerpokal"]
[Site "Recklinghausen GER"]
[Date "2003.08.24"]
[Round "7"]
[White "Trzaska,P"]
[Black "Eismont,I"]
[Result "1/2-1/2"]
[WhiteElo "2188"]
[BlackElo "2325"]

1.c4 e5 2.g3 Nc6 3.Bg2 f5 4.d3 Nf6 5.Nf3 Bb4+ 6.Bd2 a5 7.O-O O-O 8.Bg5 h6
9.Bxf6 Qxf6 10.a3 Bc5 11.Nc3 d6 12.Nd5 Qf7 13.e3 Be6 14.Rb1 a4 15.d4 Ba7
16.Qxa4 e4 17.Nd2 Bxd4 18.Qc2 Ba7 19.g4 g6 20.Nf4 Ne5 21.gxf5 gxf5 22.Kh1 Kh8
23.Qc3 Rg8 24.f3 Bxc4 25.Rfc1 Bb5 26.b4 Rg7 27.a4 exf3 28.Nxf3 Bc6 29.Nxe5 dxe5
30.Bxc6 bxc6 31.Qxe5 Re8 32.Qc3 Bxe3 33.Rf1 Kh7 34.Qxc6 Bxf4 35.Rxf4 Re2
36.Rh4 Rg6 37.Qc4 Qe7 38.Rf1 Rg5 39.Qc6 Rg6 40.Qc4 Reg2 41.Qf4 R2g5 42.Rh3 Qd7
43.Rg3 Rxg3 44.hxg3 Rg4 45.Qxf5+ Qxf5 46.Rxf5 Rxb4 47.Rf4 Rb3  1/2-1/2

[Event "Acropolis WGM"]
[Site "Athens GRE"]
[Date "2003.08.26"]
[Round "2"]
[White "Voiska,M"]
[Black "Karlovich,A"]
[Result "1-0"]
[WhiteElo "2353"]
[BlackElo "2273"]

1.c4 e5 2.g3 c6 3.Bg2 d5 4.cxd5 cxd5 5.Qb3 Nf6 6.Nc3 Nc6 7.d3 Nd4 8.Qd1 h6
9.Nf3 Nxf3+ 10.exf3 Bd6 11.O-O O-O 12.d4 Be6 13.Nb5 Bb8 14.dxe5 Bxe5 15.f4 Bb8
16.Be3 Qd7 17.Nc3 Rd8 18.Bd4 Ne8 19.Qb3 Nd6 20.Bxd5 Bxd5 21.Qxd5 Bc7 22.Be5 Qf5
23.Rad1 Rac8 24.Qb3 Rd7 25.Nd5 Bb8 26.Ne3 Qe4 27.Rd4 Qc6 28.Rfd1 Rcd8 29.Qd3 g6
30.Nd5 Ne8 31.Ne7+ Rxe7 32.Rxd8 Bxe5 33.fxe5 Rxe5 34.Qd7 Qe4 35.Qd4 Qe2 36.Qd2 Qe4
37.Qxh6 Re7 38.Qd2 a6 39.Qd5 Qe2 40.Rd7 Rxd7 41.Qxd7 Nf6 42.Qd2 Qf3 43.Re1 Kg7
44.Qd4 Qc6 45.Qc3 Qd5 46.Re3 Qxa2 47.Rf3 Qe6 48.h4 b5 49.b4 a5 50.bxa5 Qd6
51.Qxf6+  1-0

[Event "Acropolis WGM"]
[Site "Athens GRE"]
[Date "2003.08.28"]
[Round "4"]
[White "Voiska,M"]
[Black "Makropoulou,M"]
[Result "1-0"]
[WhiteElo "2353"]
[BlackElo "2225"]

1.c4 e5 2.g3 Nf6 3.Bg2 d5 4.cxd5 Nxd5 5.Nf3 Nc6 6.O-O Nb6 7.d3 Be7 8.a3 O-O
9.Nbd2 Re8 10.b4 Bf8 11.Bb2 a6 12.Rc1 f6 13.Qc2 Bg4 14.h3 Be6 15.e3 Qd7 16.Kh2 Rad8
17.d4 exd4 18.Nxd4 Nxd4 19.Bxd4 Nd5 20.Nc4 Qf7 21.Bb2 c6 22.e4 Nc7 23.Na5 Nb5
24.Rfd1 Rxd1 25.Qxd1 Qc7 26.Qe2 Rd8 27.e5 f5 28.Rd1 Rxd1 29.Qxd1 g6 30.Qd2 Be7
31.h4 Na7 32.Qc3 Nb5 33.Qe3 c5 34.Nxb7 cxb4 35.axb4 Bxb4 36.h5 Nc3 37.Qd4 a5
38.Nd8 Bf7 39.e6 Be8 40.h6 f4 41.e7 fxg3+ 42.fxg3 Qxe7 43.Bd5+  1-0

[Event "European GP"]
[Site "Izmir TUR"]
[Date "2003.08.29"]
[Round "5"]
[White "Rukhaia,K"]
[Black "Klinova,M"]
[Result "0-1"]
[WhiteElo "2204"]
[BlackElo "2388"]

1.c4 e5 2.g3 Nc6 3.Bg2 g6 4.Nc3 Bg7 5.e3 d6 6.Nge2 f5 7.d3 Nf6 8.O-O O-O
9.Rb1 a5 10.a3 Kh8 11.b4 axb4 12.axb4 Ne7 13.f4 c6 14.b5 Be6 15.bxc6 bxc6
16.Rb7 Nd7 17.Kh1 Nc5 18.Rb1 Qc7 19.Bb2 e4 20.dxe4 Bxc4 21.Ra1 Rab8 22.Ba3 fxe4
23.Nxe4 Nxe4 24.Bxe4 d5 25.Bd3 Bb3 26.Qc1 Rfe8 27.Rb1 Nf5 28.Bc5 Qd7 29.Qd2 Nd6
30.Bxd6 Qxd6 31.Nd4 Bc4 32.Nc2 Qe6 33.Kg2 Bxd3 34.Qxd3 c5 35.Rbd1 Rb2 36.Rf2 Rd8
37.e4 d4 38.Na3 Rb3  0-1

[Event "V Open"]
[Site "Sants ESP"]
[Date "2003.08.30"]
[Round "10"]
[White "Granados Gomez,M"]
[Black "Fluvia,J"]
[Result "0-1"]
[WhiteElo "2413"]
[BlackElo "2321"]

1.c4 e5 2.g3 Nf6 3.Bg2 d5 4.cxd5 Nxd5 5.Nc3 Nb6 6.Nf3 Nc6 7.O-O Be7 8.a3 O-O
9.b4 Re8 10.b5 Nd4 11.Nxe5 Bf6 12.f4 Bxe5 13.fxe5 Rxe5 14.e3 Nxb5 15.Nxb5 Rxb5
16.d4 c6 17.a4 Rf5 18.Re1 Rf6 19.a5 Nc4 20.Qb3 Nxa5 21.Qc3 b6 22.e4 Rd6 23.Bb2 Qg5
24.d5 cxd5 25.exd5 Bf5 26.Re5 f6 27.Re7 Rc8 28.Qe1 Rdd8 29.Bc3 h5 30.h4 Qg4
31.Bxa5 bxa5 32.Rxa5 Rd7 33.d6 Rxd6 34.Raxa7 Rd1 35.Rxg7+ Kh8 36.Rxg4 Rxe1+
37.Kf2 Rce8 38.Re4 R1xe4 39.Bxe4 Bxe4 40.Ke3 Bg6+ 41.Kf4 Re4+ 42.Kf3 Rb4  0-1

[Event "Open"]
[Site "Sharjah UAE"]
[Date "2003.08.30"]
[Round "4"]
[White "Rausis,I"]
[Black "Mchedlishvili,M"]
[Result "1/2-1/2"]
[WhiteElo "2495"]
[BlackElo "2566"]

1.c4 e5 2.g3 f5 3.d4 Bb4+ 4.Bd2 Bxd2+ 5.Qxd2 d6 6.Nc3 Nf6 7.dxe5 dxe5 8.Qxd8+ Kxd8
9.Nf3 e4 10.Nd4 Ke7 11.f3 exf3 12.exf3 Rd8 13.O-O-O c5 14.Ndb5 Rxd1+ 15.Nxd1  1/2-1/2

[Event "Acropolis WGM"]
[Site "Athens GRE"]
[Date "2003.08.31"]
[Round "7"]
[White "Voiska,M"]
[Black "Krivec,J"]
[Result "1/2-1/2"]
[WhiteElo "2353"]
[BlackElo "2268"]

1.c4 e5 2.g3 Nf6 3.Bg2 d5 4.cxd5 Nxd5 5.Nf3 Nc6 6.O-O Be7 7.d4 e4 8.Ne5 f5
9.Nxc6 bxc6 10.Qa4 Qd6 11.Na3 O-O 12.Nc4 Qe6 13.Bd2 Bd7 14.Qc2 Bd6 15.Rac1 Rae8
16.e3 g5 17.Rfe1 Rf6 18.a3 Rh6 19.Na5 Bf8 20.Nc4  1/2-1/2

[Event "1st League TCh-SCG"]
[Site "Budva SCG"]
[Date "2003.09.05"]
[Round "7"]
[White "Damljanovic,B"]
[Black "Sedlak,N"]
[Result "1/2-1/2"]
[WhiteElo "2589"]
[BlackElo "2528"]

1.c4 e5 2.g3 Nc6 3.Bg2 Bc5 4.Nc3 a6 5.e3 d6 6.Nge2 Ba7 7.Rb1 Bf5 8.d3 Qd7
9.h3 Nge7 10.e4 Be6 11.Be3 f5 12.Bxa7 Rxa7 13.b3 O-O 14.Qd2 Raa8 15.f4 Ng6
16.Nd5 Rae8 17.O-O fxe4 18.dxe4 exf4 19.Nexf4 Nxf4 20.Nxf4 Ne5 21.a4 Bf7
22.a5 c6 23.Rbd1 Rd8 24.Qc3 Qe7 25.Rde1 Rfe8 26.Re2 Nd7 27.Rfe1 Qe5 28.Re3 Nf6
29.Qd2 Rd7 30.Nd3 Qd4 31.Qf2 Rde7 32.e5 Nd7 33.Qf4 Qxf4 34.gxf4 Bg6 35.Be4 Bxe4
36.Rxe4 dxe5 37.fxe5 Nf8 38.Nc5 Ne6 39.Nxe6 Rxe6 40.R1e3 Rf8 41.Kg2 Rf5 42.Kg3 Kf7
43.Kg4 Kg6 44.Rd4 h5+ 45.Kh4 Rfxe5 46.Rxe5 Rxe5 47.Rd6+ Kf5 48.Rd7 Re3 49.Rxg7 Rxb3
50.Rg5+ Kf6 51.Rxh5 Rb4 52.Rc5 Ke6 53.Kg5 Kd6 54.Rf5 Rxc4 55.h4 Ke6 56.h5 Rc1
57.Rf6+ Ke7 58.Rf2 Rg1+ 59.Kh4 Rh1+ 60.Kg5 Rg1+ 61.Kh4  1/2-1/2

[Event "ch-ROM w"]
[Site "Satu Mare ROM"]
[Date "2003.09.05"]
[Round "2.1"]
[White "Foisor,C"]
[Black "Ciobanu,C"]
[Result "1/2-1/2"]
[WhiteElo "2364"]
[BlackElo "2251"]

1.c4 e5 2.g3 g6 3.Bg2 Bg7 4.Nc3 d6 5.e4 Nc6 6.d3 Nge7 7.Nge2 O-O 8.O-O f5
9.Nd5 Be6 10.Be3 Qd7 11.Qd2 Rae8 12.Rac1 Nc8 13.b4 Nd4 14.Bxd4 exd4 15.Ndf4 c6
16.Nxe6 Qxe6 17.Rc2 Nb6 18.Bh3 Na4 19.exf5 gxf5 20.Qf4 Qe5 21.Bg2 Re7 22.h4 Nc3
23.Qxe5 Bxe5 24.Bf3 Kg7 25.Kg2 a5 26.bxa5 Ra8 27.Nxc3 dxc3 28.Re1 Kf8 29.Bd1 Rxa5
30.Rce2 Bf6 31.Rxe7 Bxe7 32.Bb3 Bf6 33.f4 Kf7 34.Kf3 Ra8 35.h5 h6 36.a4 Bd4
37.Re2 Kf6 38.Bc2 Rg8 39.Re1 b6 40.Bb3 Ra8 41.Re2 Bc5 42.Bc2 Bd4 43.Re1 Bc5
44.Bb3 Rg8 45.Rc1 Re8 46.Rxc3 Re3+ 47.Kg2 Bd4 48.Rc2 Rxd3 49.Ba2 Ra3 50.Re2 Bc5
51.Kh3 Rxa4 52.g4 Ra3+ 53.Kh4 Rf3 54.gxf5 Rxf4+ 55.Kg3 Rxf5 56.Kg4 Rg5+ 57.Kh4 d5
58.cxd5 cxd5 59.Bb1 d4 60.Bd3 Bd6 61.Re4 Be5 62.Rg4 Rxg4+ 63.Kxg4 Ke6 64.Kf3 Kd5
65.Ke2 Kc5 66.Kd2 b5 67.Kc2 Kb4 68.Bf5 Bg3 69.Bd3 Be1 70.Bg6 Ka3 71.Be8 b4
72.Bf7 Bc3 73.Be6 Be1 74.Bf7 b3+ 75.Bxb3 d3+ 76.Kxd3 Kxb3 77.Ke2 Bh4  1/2-1/2

[Event "TCh-CRO"]
[Site "Rabac CRO"]
[Date "2003.09.07"]
[Round "1"]
[White "Stohl,I"]
[Black "Fercec,N"]
[Result "1-0"]
[WhiteElo "2556"]
[BlackElo "2440"]

1.c4 e5 2.g3 Nf6 3.Bg2 d5 4.cxd5 Nxd5 5.Nf3 Nc6 6.O-O Nb6 7.d3 Be7 8.a3 O-O
9.Nbd2 Bg4 10.b4 a6 11.Bb2 Bd6 12.Ne4 Kh8 13.Rc1 f5 14.Nc5 Bxc5 15.bxc5 Nd7
16.d4 Bxf3 17.Bxf3 e4 18.d5 Ne7 19.Bg2 Nf6 20.d6 Ned5 21.Bh3 cxd6 22.Bxf5 dxc5
23.Rxc5 Qd6 24.Qd4 b6 25.Rc4 Rfe8 26.Rfc1 Rad8 27.Rc8 Qf8 28.Rxd8 Rxd8 29.Bxe4 Nf4
30.Qe3 Nh3+ 31.Kg2 Nxf2 32.Bxf6 Ng4 33.Bxg7+ Qxg7 34.Qxb6 Re8 35.Rc7 Ne3+
36.Kf2 Ng4+ 37.Kg2 Ne3+ 38.Kf3 Rf8+ 39.Kxe3 Qg5+ 40.Kd3 Rd8+  1-0

[Event "14th ch-NATO"]
[Site "Hoevelte DEN"]
[Date "2003.09.11"]
[Round "6"]
[White "Engelen,J"]
[Black "Toll,A"]
[Result "1/2-1/2"]
[WhiteElo "1976"]
[BlackElo "2100"]

1.c4 e5 2.g3 Nc6 3.Bg2 f5 4.d3 Nf6 5.Nc3 Bb4 6.e4 fxe4 7.dxe4 Bxc3+ 8.bxc3 d6
9.Nf3 Be6 10.Nd2 O-O 11.O-O Na5 12.Qe2 Qd7 13.Re1 Qf7 14.Bf1 Nd7 15.a4 c5
16.Rb1 Nb6 17.f4 exf4 18.e5 f3 19.Nxf3 Qxf3 20.Qxf3 Rxf3 21.Bg2 Rxc3 22.exd6 Re8
23.Bd2 Rb3 24.Bxa5 Rxb1 25.Rxb1 Nxc4 26.Bc7 b6 27.Bc6 Rc8 28.d7 Bxd7 29.Bxd7 Rxc7
30.Be6+ Kf8 31.Bxc4 Ke7 32.Rf1 Ke8  1/2-1/2

[Event "FSIM September"]
[Site "Budapest HUN"]
[Date "2003.09.15"]
[Round "10"]
[White "Brustkern,J"]
[Black "Armbruster,A"]
[Result "0-1"]
[WhiteElo "2227"]
[BlackElo "2253"]

1.g3 e5 2.c4 Nc6 3.Nc3 f5 4.Bg2 Nf6 5.d3 Bb4 6.e3 Bxc3+ 7.bxc3 O-O 8.Ne2 d6
9.Qb3 e4 10.d4 Na5 11.Qa4 c5 12.h4 b6 13.Nf4 Qe8 14.Qd1 Nxc4 15.Bf1 Na5 16.Bb2 Bd7
17.c4 Rc8 18.h5 Ba4 19.Qd2 Nc6 20.h6 g5 21.Nd5 cxd4 22.Nxf6+ Rxf6 23.exd4 f4
24.gxf4 gxf4 25.Rg1+ Rg6 26.Rxg6+ Qxg6 27.Qxf4 Nb4 28.Kd2 e3+ 29.fxe3 Qc2+
30.Ke1 Qxb2 31.Qg4+ Kf7 32.Qg7+ Ke8 33.Qg8+ Ke7 34.Qxc8 Nc2+ 35.Kf2 Nxd4+
36.Kg3 Bd7 37.Qb7 Nf5+ 38.Kf4 Qe5+ 39.Kf3 Qxa1  0-1

[Event "zt 2.5"]
[Site "Asuncion PAR"]
[Date "2003.09.16"]
[Round "3"]
[White "Giardelli,S"]
[Black "Llorens,M"]
[Result "1-0"]
[WhiteElo "2437"]
[BlackElo "2374"]

1.c4 e5 2.g3 Nf6 3.Bg2 Bc5 4.e3 Nc6 5.a3 a5 6.Ne2 d6 7.Nbc3 O-O 8.O-O Re8
9.d3 h6 10.h3 Bd7 11.Kh2 Qc8 12.Rb1 Nh7 13.Nd5 Ne7 14.b4 axb4 15.axb4 Ba7
16.Nxe7+ Rxe7 17.d4 Bc6 18.Bxc6 bxc6 19.c5 Ng5 20.Ng1 Bb8 21.dxe5 Rxe5 22.f4 Rd5
23.Qc2 Nh7 24.e4 Qa6 25.Rf2 Rd4 26.Be3 Rc4 27.Qd3 Nf6 28.Bd4 Qb5 29.Bxf6 gxf6
30.Qf3 Rxb4 31.Qg4+ Kf8 32.Rxb4 Qxb4 33.e5 Qxc5 34.Qc8+ Kg7 35.exf6+ Kxf6
36.Qh8+ Ke6 37.Re2+ Kd5 38.Qh7  1-0

[Event "GM"]
[Site "Ansfelden AUT"]
[Date "2003.09.19"]
[Round "8"]
[White "Stanec,N"]
[Black "Baumgartner,H"]
[Result "1-0"]
[WhiteElo "2560"]
[BlackElo "2347"]

1.c4 e5 2.g3 Nf6 3.Bg2 c6 4.Nf3 e4 5.Nd4 d5 6.cxd5 Qxd5 7.Nb3 Bf5 8.O-O Qd7
9.Nc3 Na6 10.d3 exd3 11.exd3 Be7 12.Re1 O-O 13.a3 Nc5 14.d4 Nxb3 15.Qxb3 Be6
16.Qa4 Rfe8 17.Bg5 h6 18.Bxf6 Bxf6 19.Red1 Bg4 20.Rd2 Re7 21.Ne4 Qf5 22.d5 Bf3
23.Bxf3 Qxf3 24.Nxf6+ Qxf6 25.dxc6 Qxc6 26.Qxc6 bxc6 27.Rc1 Re6 28.Rdc2 Rc8
29.b4 a6 30.Rd1 Re7 31.Rc5 Kf8 32.Kg2 Rec7 33.Kf3 Rb7 34.Rd6 Rbc7 35.Ke3 Ke7
36.Rd4 Rd7 37.Re5+ Kd8 38.Rg4 g6 39.Ra5 Ra8 40.h4 h5 41.Re4 Kc7 42.Kf4 Kb6
43.Kg5 Raa7 44.Rf4 Rd2 45.Rf6 Rd4 46.Kh6 Rc7 47.Kg7 Rdd7 48.f3 Re7 49.Rc5 Re3
50.a4 Rb3 51.a5+ Kb7 52.Rc4  1-0

[Event "TCh-FIN 2003-4"]
[Site "Finland FIN"]
[Date "2003.09.20"]
[Round "1"]
[White "Natri,A"]
[Black "Tanni,K"]
[Result "1-0"]
[WhiteElo "2215"]
[BlackElo "2117"]

1.c4 e5 2.g3 Nf6 3.Bg2 d5 4.cxd5 Nxd5 5.Nc3 Nb6 6.Nf3 Nc6 7.O-O Be7 8.d3 O-O
9.b3 Be6 10.Bb2 f6 11.Rc1 Qd7 12.Ne4 Bh3 13.Nc5 Bxc5 14.Rxc5 Bxg2 15.Kxg2 Rfd8
16.Qc1 Rac8 17.Qe3 Ne7 18.Qe4 c6 19.d4 exd4 20.Nxd4 Ned5 21.Nf5 Kh8 22.Qf3 Qe6
23.e4 Ne7 24.Nd4 Qd6 25.Rh5 Nd7 26.Qg4 Ne5 27.Qh3 h6 28.Ne6 Nf7 29.Bxf6  1-0

[Event "GRE-GEO Match m"]
[Site "Athens GRE"]
[Date "2003.09.22"]
[Round "4"]
[White "Mastrovasilis,A"]
[Black "Gagunashvili,M"]
[Result "0-1"]
[WhiteElo "2499"]
[BlackElo "2577"]

1.c4 e5 2.g3 Nc6 3.Bg2 g6 4.Nc3 Bg7 5.Rb1 a5 6.d3 d6 7.e3 f5 8.Nge2 Nf6 9.b3 O-O
10.O-O h6 11.Bb2 Kh7 12.Qd2 Qe7 13.Rbe1 Be6 14.d4 Bf7 15.e4 fxe4 16.Nxe4 Nxe4
17.Bxe4 exd4 18.Bxc6 bxc6 19.Bxd4 Bxd4 20.Nxd4 Qd7 21.Re4 a4 22.Rh4 h5 23.Re1 axb3
24.axb3 Rfe8 25.Nf3 Rxe1+ 26.Qxe1 Kg8 27.Qe3 Qf5 28.Rf4 Ra1+ 29.Kg2 Qb1 30.Kh3 Ra5
31.Kh4 Rf5 32.Ng5 c5 33.h3 Kf8 34.Qf3 Bg8 35.Rxf5+ Qxf5 36.Qa8+ Kg7 37.f4 Qd7
38.Qa1+ Kf8 39.Qf6+ Bf7 40.Nh7+ Kg8 41.Ng5 Kf8 42.Qh8+ Bg8 43.Qa1 Qe7 44.Qa8+ Kg7
45.Qb7 Bf7 46.Qf3 Be8 47.Qc3+ Kg8 48.Qd2 Bd7 49.Qd5+ Kg7 50.Qb7 Bf5 51.Qb8 Qd7
52.Qa8 Bxh3 53.Qa1+ Kg8 54.Qa8+ Qc8 55.Qxc8+ Bxc8 56.Ne4 Bf5 57.Nd2 Kf7 58.Kg5 Bc2
59.g4 hxg4 60.Kxg4 Kf6 61.Kf3 Kf5 62.Kg3  0-1

[Event "zt 2.5"]
[Site "Asuncion PAR"]
[Date "2003.09.23"]
[Round "9"]
[White "Giardelli,S"]
[Black "Campora,D"]
[Result "0-1"]
[WhiteElo "2437"]
[BlackElo "2510"]

1.c4 e5 2.g3 Nf6 3.Bg2 c6 4.d4 e4 5.d5 Bb4+ 6.Bd2 Qe7 7.Nc3 O-O 8.e3 Re8
9.Nge2 d6 10.dxc6 Nxc6 11.a3 Bxc3 12.Bxc3 Bg4 13.h3 Bxe2 14.Qxe2 Rac8 15.O-O Ne5
16.Rad1 Nxc4 17.Bxf6 Qxf6 18.Rd4 d5 19.Rxd5 Nxb2 20.Rb1 Na4 21.Qg4 Nc3 22.Rf5 Qe7
23.Rb4 g6 24.Ra5 b6 25.Rh5 Kh8 26.Rh6 Rc6 27.Bf1 f5 28.Qh4 Qxh4 29.Rxh4 Rd8
30.g4 Rd1 31.Kg2 f4 32.exf4 e3 33.fxe3 Nd5 34.Rb2 Nxe3+ 35.Kf2 Rxf1+ 36.Kxe3 Re6+
37.Kd4 Rxf4+ 38.Kd5 Re7 39.Rb4 Ref7 40.Kc6 Rxb4 41.axb4 Rf4 42.b5 Kg7 43.Kb7 Ra4
44.Kb8 h5 45.Kb7 Kf8 46.Kb8 Ke7 47.Kc7 Rc4+ 48.Kb7 Kd6 49.Ka8 Kc7 50.g5 Rxh4  0-1

[Event "ch-IRI"]
[Site "Mashad IRI"]
[Date "2003.09.24"]
[Round "1"]
[White "Noroozi,O"]
[Black "Ghorbani,M"]
[Result "0-1"]
[WhiteElo "2196"]
[BlackElo "2353"]

1.c4 e5 2.g3 Nf6 3.Bg2 d5 4.cxd5 Nxd5 5.Nc3 Nb6 6.Nf3 Nc6 7.O-O Be7 8.a3 a5
9.Nb5 a4 10.b3 axb3 11.Qxb3 Be6 12.Qc2 O-O 13.d3 Ra5 14.a4 Qd7 15.Bd2 Ra6
16.Bc3 Bf6 17.Rfd1 Nd5 18.d4 Nxc3 19.Qxc3 exd4 20.Nfxd4 Nxd4 21.Nxd4 Rxa4
22.e3 Rxa1 23.Qxa1 Rd8 24.Qa7 g6 25.Bf3 Bg4 26.Qxb7 h5 27.Nc6 Qxd1+ 28.Bxd1 Rxd1+
29.Kg2 Bf5 30.Nb4 c5 31.Na6 c4 32.e4 Bg4 33.Qb8+ Kg7 34.e5 Bd8 35.Qb2 Rd3
36.Qb7 Be6 37.Nb4 Rd2 38.Qb5 Be7 39.Nc6 Bf8 40.Qa5 Rd3 41.Nb4 Rb3 42.Nc2 Rd3
43.Ne3 Rd7 44.Qc3 Rb7 45.Qd4 Rc7 46.Qc3 Bc5 47.h3 Bxe3 48.fxe3 Rb7 49.Qd4 Rb1
50.g4 hxg4 51.hxg4 Rb3 52.Qd8 Rd3 53.Qc7 Rxe3 54.Kf2 Re4 55.Kf3 Rxg4 56.Ke3 c3
57.Qd8 Rc4 58.Qf6+  0-1